header

The welfare state in transition (Record no. 39260)

MARC details
000 -LEADER
fixed length control field 01805nam a2200409 a 4500
082 04 - DEWEY DECIMAL CLASSIFICATION NUMBER
Classification number 330.9485/059
245 04 - TITLE STATEMENT
Title The welfare state in transition
260 ## - PUBLICATION, DISTRIBUTION, ETC. (IMPRINT)
Place of publication Chicago :
Name of publisher University of Chicago Press,
Year of publication 1997.
300 ## - PHYSICAL DESCRIPTION
Number of Pages ix, 477 p. :
Other physical details ill.
490 1# - SERIES STATEMENT
Series statement National Bureau of Economic Research conference report
Series statement Conference report (National Bureau of Economic Research)
500 ## - GENERAL NOTE
General note A research report presented at a public conference held in Sweden in January 1995.
700 1# - ADDED ENTRY--PERSONAL NAME
Personal name Freeman, Richard B.
Personal name Topel, Robert H.
Personal name Swedenborg, Birgitta,
856 40 - ELECTRONIC LOCATION AND ACCESS
Uniform Resource Identifier http://site.ebrary.com/lib/rucke/Doc?id=10230012

No items available.

© 2026 Rongo University
Contact us: librarian | system librarian | Rongo university